<?xml version="1.0" encoding="UTF-8"?>
<record
    xmlns:xsi="http://www.w3.org/2001/XMLSchema-instance"
    xsi:schemaLocation="http://www.loc.gov/MARC21/slim http://www.loc.gov/standards/marcxml/schema/MARC21slim.xsd"
    xmlns="http://www.loc.gov/MARC21/slim">

  <leader>02106nam a22002657a 4500</leader>
  <controlfield tag="003">Uzh_bibl</controlfield>
  <controlfield tag="008">251015b        |||||||| |||| 00| 0 ukr d</controlfield>
  <datafield tag="020" ind1=" " ind2=" ">
    <subfield code="a">978-617-7151-62-2</subfield>
    <subfield code="c">350.00</subfield>
  </datafield>
  <datafield tag="040" ind1=" " ind2=" ">
    <subfield code="b">&#x443;&#x43A;&#x440;.</subfield>
  </datafield>
  <datafield tag="041" ind1=" " ind2=" ">
    <subfield code="2">fre</subfield>
    <subfield code="a">ukr</subfield>
  </datafield>
  <datafield tag="080" ind1=" " ind2=" ">
    <subfield code="a">821(44)</subfield>
  </datafield>
  <datafield tag="090" ind1=" " ind2=" ">
    <subfield code="a">821(44)</subfield>
    <subfield code="b">&#x411; 52</subfield>
  </datafield>
  <datafield tag="100" ind1=" " ind2=" ">
    <subfield code="a">&#x411;&#x435;&#x440;&#x442;&#x440;&#x430;&#x43D;-&#x41C;&#x430;&#x440;&#x442;&#x456;&#x43D;,&#x410;&#x491;&#x43D;&#x435;&#x441;</subfield>
  </datafield>
  <datafield tag="245" ind1=" " ind2=" ">
    <subfield code="a">24 &#x447;&#x430;&#x440;&#x456;&#x432;&#x43D;&#x456; &#x456;&#x441;&#x442;&#x43E;&#x440;&#x456;&#x457; &#x421;&#x430;&#x43D;&#x442;&#x430;-&#x41A;&#x43B;&#x430;&#x443;&#x441;&#x430;</subfield>
    <subfield code="c">&#x43F;&#x435;&#x440;.&#x437; &#x444;&#x440;.&#x41E;.&#x41B;&#x430;&#x434;&#x438; ;&#x445;&#x443;&#x434;&#x43E;&#x436;.&#x415;.&#x41A;&#x43E;&#x43B;&#x456;&#x43D;</subfield>
    <subfield code="h">&#x422;&#x435;&#x43A;&#x441;&#x442;</subfield>
  </datafield>
  <datafield tag="260" ind1=" " ind2=" ">
    <subfield code="a">&#x425;&#x430;&#x440;&#x43A;&#x456;&#x432;</subfield>
    <subfield code="b">&#x412;&#x456;&#x432;&#x430;&#x442;</subfield>
    <subfield code="c">2024</subfield>
  </datafield>
  <datafield tag="300" ind1=" " ind2=" ">
    <subfield code="a">128 &#x441;.</subfield>
    <subfield code="b">&#x456;&#x43B;.</subfield>
    <subfield code="f">&#x412; &#x43E;&#x43F;&#x440;.</subfield>
  </datafield>
  <datafield tag="490" ind1=" " ind2=" ">
    <subfield code="a">&#x421;&#x435;&#x440;&#x456;&#x44F;"&#x41D;&#x430;&#x439;&#x43A;&#x440;&#x430;&#x449;&#x438;&#x439; &#x43F;&#x43E;&#x434;&#x430;&#x440;&#x443;&#x43D;&#x43E;&#x43A;"</subfield>
  </datafield>
  <datafield tag="520" ind1=" " ind2=" ">
    <subfield code="a">&#x404; &#x43B;&#x438;&#x448;&#x435; &#x43E;&#x434;&#x43D;&#x435; &#x441;&#x432;&#x44F;&#x442;&#x43E;, &#x44F;&#x43A;&#x435; &#x437;&#x43C;&#x443;&#x448;&#x443;&#x454; &#x43C;&#x440;&#x456;&#x439;&#x43B;&#x438;&#x432;&#x43E; &#x43F;&#x43E;&#x441;&#x43C;&#x456;&#x445;&#x430;&#x442;&#x438;&#x441;&#x44F; &#x456; &#x434;&#x456;&#x442;&#x435;&#x439;, &#x456; &#x434;&#x43E;&#x440;&#x43E;&#x441;&#x43B;&#x438;&#x445;. &#x406; &#x446;&#x435; &#x420;&#x456;&#x437;&#x434;&#x432;&#x43E;. &#x41D;&#x430;&#x432;&#x456;&#x442;&#x44C; &#x437;&#x438;&#x43C;&#x43E;&#x432;&#x430; &#x445;&#x43E;&#x43B;&#x43E;&#x434;&#x43D;&#x435;&#x447;&#x430; &#x441;&#x442;&#x430;&#x454; &#x43D;&#x435; &#x442;&#x430;&#x43A;&#x43E;&#x44E; &#x43A;&#x443;&#x441;&#x43B;&#x438;&#x432;&#x43E;&#x44E; &#x432; &#x446;&#x435;&#x439; &#x447;&#x430;&#x440;&#x456;&#x432;&#x43D;&#x438;&#x439; &#x447;&#x430;&#x441;. &#x414;&#x43E; &#x441;&#x432;&#x44F;&#x442;&#x430; &#x43B;&#x438;&#x448;&#x430;&#x44E;&#x442;&#x44C;&#x441;&#x44F; &#x43B;&#x456;&#x447;&#x435;&#x43D;&#x456; &#x434;&#x43D;&#x456;, &#x430; &#x447;&#x438; &#x433;&#x43E;&#x442;&#x43E;&#x432;&#x438;&#x439; &#x442;&#x438; &#x434;&#x43E; &#x43D;&#x44C;&#x43E;&#x433;&#x43E;? &#x427;&#x438; &#x43C;&#x430;&#x454;&#x448; &#x441;&#x43F;&#x440;&#x430;&#x432;&#x436;&#x43D;&#x456;&#x439; &#x440;&#x456;&#x437;&#x434;&#x432;&#x44F;&#x43D;&#x438;&#x439; &#x43D;&#x430;&#x441;&#x442;&#x440;&#x456;&#x439;? &#x41C;&#x435;&#x440;&#x449;&#x456;&#x439; &#x432;&#x456;&#x434;&#x43A;&#x440;&#x438;&#x432;&#x430;&#x439; &#x446;&#x44E; &#x434;&#x438;&#x432;&#x43E;&#x432;&#x438;&#x436;&#x43D;&#x443; &#x43A;&#x43D;&#x438;&#x436;&#x43A;&#x443;, &#x456; &#x449;&#x43E;&#x432;&#x435;&#x447;&#x43E;&#x440;&#x430; &#x421;&#x430;&#x43D;&#x442;&#x430; &#x440;&#x43E;&#x437;&#x43F;&#x43E;&#x432;&#x456;&#x434;&#x430;&#x442;&#x438;&#x43C;&#x435; &#x442;&#x43E;&#x431;&#x456; &#x43E;&#x434;&#x43D;&#x443; &#x437; 24 &#x43F;&#x440;&#x430;&#x432;&#x434;&#x438;&#x432;&#x438;&#x445; &#x456;&#x441;&#x442;&#x43E;&#x440;&#x456;&#x439; &#x43F;&#x440;&#x43E; &#x441;&#x432;&#x43E;&#x457;&#x445; &#x435;&#x43B;&#x44C;&#x444;&#x456;&#x432;. &#x422;&#x43E;&#x436; &#x43E;&#x447;&#x456;&#x43A;&#x443;&#x432;&#x430;&#x43D;&#x43D;&#x44F; &#x420;&#x456;&#x437;&#x434;&#x432;&#x430; &#x441;&#x442;&#x430;&#x43D;&#x435; &#x43D;&#x435;&#x437;&#x430;&#x431;&#x443;&#x442;&#x43D;&#x456;&#x43C;! &#x427;&#x43E;&#x43C;&#x443; &#x432;&#x430;&#x440;&#x442;&#x43E; &#x43F;&#x440;&#x438;&#x434;&#x431;&#x430;&#x442;&#x438;? &#x2022; &#x42F;&#x43A;&#x449;&#x43E; &#x441;&#x432;&#x44F;&#x442;&#x43A;&#x43E;&#x432;&#x438;&#x439; &#x43D;&#x430;&#x441;&#x442;&#x440;&#x456;&#x439; &#x442;&#x430;&#x43A; &#x43D;&#x435; &#x437;'&#x44F;&#x432;&#x438;&#x432;&#x441;&#x44F;, &#x446;&#x44F; &#x43A;&#x43D;&#x438;&#x436;&#x43A;&#x430; &#x43E;&#x431;&#x43E;&#x432;&#x2019;&#x44F;&#x437;&#x43A;&#x43E;&#x432;&#x43E; &#x432;&#x438;&#x440;&#x443;&#x447;&#x438;&#x442;&#x44C;! &#x411;&#x43E; &#x436; &#x439;&#x43E;&#x433;&#x43E; &#x442;&#x43E;&#x434;&#x456; &#x442;&#x440;&#x435;&#x431;&#x430; &#x441;&#x442;&#x432;&#x43E;&#x440;&#x438;&#x442;&#x438; &#x432;&#x43B;&#x430;&#x441;&#x43D;&#x43E;&#x440;&#x443;&#x447;, &#x430; &#x446;&#x456; &#x430;&#x442;&#x43C;&#x43E;&#x441;&#x444;&#x435;&#x440;&#x43D;&#x456; &#x440;&#x456;&#x437;&#x434;&#x432;&#x44F;&#x43D;&#x456; &#x43A;&#x430;&#x437;&#x43E;&#x447;&#x43A;&#x438; &#x43C;&#x43E;&#x436;&#x443;&#x442;&#x44C; &#x43F;&#x43E;&#x432;&#x435;&#x440;&#x43D;&#x443;&#x442;&#x438; &#x432;&#x456;&#x440;&#x443; &#x432; &#x447;&#x443;&#x434;&#x43E; &#x43D;&#x435; &#x43B;&#x438;&#x448;&#x435; &#x434;&#x456;&#x442;&#x43B;&#x430;&#x445;&#x430;&#x43C;, &#x430; &#x439; &#x434;&#x43E;&#x440;&#x43E;&#x441;&#x43B;&#x438;&#x43C;.</subfield>
  </datafield>
  <datafield tag="521" ind1=" " ind2=" ">
    <subfield code="a">&#x414;&#x43B;&#x44F; &#x434;&#x456;&#x442;&#x435;&#x439; &#x434;&#x43E;&#x448;&#x43A;&#x456;&#x43B;&#x44C;&#x43D;&#x43E;&#x433;&#x43E; &#x432;&#x456;&#x43A;&#x443;</subfield>
  </datafield>
  <datafield tag="546" ind1=" " ind2=" ">
    <subfield code="a">&#x443;&#x43A;&#x440;.</subfield>
  </datafield>
  <datafield tag="650" ind1=" " ind2=" ">
    <subfield code="a">&#x41B;&#x456;&#x442;&#x435;&#x440;&#x430;&#x442;&#x443;&#x440;&#x43D;&#x43E;-&#x445;&#x443;&#x434;&#x43E;&#x436;&#x43D;&#x435; &#x432;&#x438;&#x434;&#x430;&#x43D;&#x43D;&#x44F;</subfield>
  </datafield>
  <datafield tag="653" ind1=" " ind2=" ">
    <subfield code="a">&#x420;&#x456;&#x437;&#x434;&#x432;&#x43E;</subfield>
    <subfield code="a">&#x415;&#x43B;&#x44C;&#x444;&#x438;</subfield>
    <subfield code="a">&#x420;&#x456;&#x437;&#x434;&#x432;&#x44F;&#x43D;&#x435; &#x447;&#x443;&#x434;&#x43E;</subfield>
  </datafield>
  <datafield tag="655" ind1=" " ind2=" ">
    <subfield code="a">&#x414;&#x438;&#x442;&#x44F;&#x447;&#x430; &#x43B;&#x456;&#x442;&#x435;&#x440;&#x430;&#x442;&#x443;&#x440;&#x430;</subfield>
    <subfield code="v">&#x43A;&#x430;&#x437;&#x43A;&#x438;</subfield>
  </datafield>
  <datafield tag="942" ind1=" " ind2=" ">
    <subfield code="2">udc</subfield>
    <subfield code="c">BK</subfield>
  </datafield>
  <datafield tag="999" ind1=" " ind2=" ">
    <subfield code="c">15709</subfield>
    <subfield code="d">15709</subfield>
  </datafield>
  <datafield tag="952" ind1=" " ind2=" ">
    <subfield code="0">0</subfield>
    <subfield code="1">0</subfield>
    <subfield code="2">udc</subfield>
    <subfield code="4">0</subfield>
    <subfield code="7">0</subfield>
    <subfield code="a">MBdD</subfield>
    <subfield code="b">MBdD</subfield>
    <subfield code="c">CHS</subfield>
    <subfield code="d">2025-10-03</subfield>
    <subfield code="e">&#x41F;&#x43E;&#x434;&#x430;&#x440;&#x43E;&#x432;&#x430;&#x43D;&#x456;</subfield>
    <subfield code="i">80353</subfield>
    <subfield code="o">821(44)</subfield>
    <subfield code="p">17498</subfield>
    <subfield code="r">2025-10-15</subfield>
    <subfield code="w">2025-10-15</subfield>
    <subfield code="y">BK</subfield>
  </datafield>
</record>
